Obchodná politika ako nástroj rozvoja

Príspevok sa v stručnosti zaoberá vybranými aspektmi významu obchodnej politky ako nástroja hospodárskeho rozvoja. Poukazuje na skutočnosť, že popri iných rozvojových nástrojoch krajiny často siahajú k využitiu obchodnej politiky vo svojich rozvojových stratégiách, a to najčastejšie v podobe importn...

Description complète

Enregistré dans:
Détails bibliographiques
Auteur principal: Csabay, Marek
Format: Chapitre de livre
Langue:slovaque
Sujets:
Tags: Ajouter un tag
Pas de tags, Soyez le premier à ajouter un tag!

MARC

LEADER 00000nla$a2200000$$$4500
001 0145274
005 20240502072619.2
041 0 |a slo 
044 |a SK 
245 1 0 |a Obchodná politika ako nástroj rozvoja  |c Marek Csabay 
520 |a Príspevok sa v stručnosti zaoberá vybranými aspektmi významu obchodnej politky ako nástroja hospodárskeho rozvoja. Poukazuje na skutočnosť, že popri iných rozvojových nástrojoch krajiny často siahajú k využitiu obchodnej politiky vo svojich rozvojových stratégiách, a to najčastejšie v podobe importnej substitúcie a podpory exportu. Príkladom ich úspešnej aplikácie môžu byť rozvojové stratégie novoindustrializovaných krajín juhovýchodnej Ázie. 
610 2 0 |a rozvoj hospodársky 
610 2 0 |a politika obchodná 
610 2 0 |a dovoz 
610 2 0 |a vývoz 
610 2 0 |a juhovýchodná Ázia 
100 1 |a Csabay, Marek